000 00572nam a2200205Ia 4500
005 20250923145705.0
008 008 250917s9999 xx 000 0 eng d
037 _aTextual
040 _aDSWL
_beng
_cDSWL
041 _aeng
_2eng
084 _aY:f, N78
_qDSWL
245 0 _aResearch in social movements, conflict and change
_c Ed.by L.Kriesberg
260 _aConnectient
_bJai Press
_c1978
300 _axiii,350 p.
365 _aINR
_b345.60
490 _vVol. Ist
925 _g345.60
942 _cTEXL
_hY:f, N78
999 _c1454397
_d1454397